01310 a2200181 45000010006000000050017000060080041000230030015000640400040000790800034001192450114001532500011002672640041002783000019003195050710003380410008010481000072010562890620260407155557.0260407a1967 arg spa dAR-UNSa-BCEJYS aAR-UNSa-BCEJYSbspacAR-UNSa-BCEJYS a657(083.74)xNormas Contables10aNormas técnicas profesionalespaprobadas por las asambleas nacionales de graduados en ciencias económicas a2a. ed 1aBuenos Aires :bAbeledo Perrotc1967 a135 p.c23 cm. a1. Trabajo Nº 3 - Principios y normas técnico-contable - 2. Resolución de la IV asamblea nacional de graduados - 3. Normas mínimas para la confección de estados contables - 4. Resolución de la V asamblea nacional de graduados - 5. Despacho de la comision Nº 3 sobre las normas mínimas para la confección de estados contables - 6. Resolución de la VI Asamblea nacional de graduados - 7. Alcance de la expresión Normas mínimas de auditoria - 8. Fundamentos de la recomendación sobre Normas mínimas de auditoría - 9. Resolución de la VI convención nacional de consejos profesionales de ciencias económicas - 10. VII Conferencia interamericana de contabilidad, mar del plata. aspa1 aColegio de Graduados en Ciencias Económicas de la Capital Federal